| 000 | 00526nam a22001817a 4500 | ||
|---|---|---|---|
| 999 |
_c184247 _d184247 |
||
| 005 | 20220117111653.0 | ||
| 010 | _aENG-131167 | ||
| 020 |
_a978-93-5424-996-9 _c584.00 |
||
| 035 | _aEN-114699 | ||
| 037 | _bDBAD | ||
| 082 | _a658.4013 | ||
| 100 | _aMorgan, John | ||
| 245 |
_aLean Six Sigma For Dummies: _cJohn Morgan |
||
| 260 |
_aNew Delhi _bWiley India Pvt. Ltd _c2020 |
||
| 270 |
_bNew Delhi _a4436/7, Ansari Road, Daryaganj _e110002 |
||
| 300 |
_a584p. _c24cm(pbk) |
||
| 942 |
_2ddc _cEN _h658.4013 _mMOR |
||